000
00269nam a2200109Ia 4500
008
220204s9999 xx 000 0 und d
082
_a
33(540)
_b
PUN
245
0
_a
Economic revolution in India
260
_a
Bombay
_b
Himalaya
_c
1977
700
_a
PUNEKAR, S D
942
_c
BK
999
_c
24714
_d
24714